000 00581nam a2200181Ia 4500
001 20872
005 20260306172837.0
008 260306t2009||||xx |||||||||||||| ||spa||
041 _aESP
082 _a343.8
_bM26I
100 _aMartín Granados, María Antonieta
_eAUT
245 0 _aImpuesto sobre la renta, impuesto empresarial a tasa única e impuesto a los depósitos en efectivo:
_bpersonas morales y personas físicas con actividades empresariales
260 _c2009
300 _a487 páginas :
_c23 cm.
650 _aGEN
654 _aCCO
942 _cLIB
_dJUS
_fJUS
_2ddc
_n
999 _c20872
_d20872